| 000 | 00556nam a2200193Ia 4500 | ||
|---|---|---|---|
| 005 | 20250508160404.0 | ||
| 008 | 008 250505s9999 xx 000 0 eng d | ||
| 037 | _aTextual | ||
| 040 |
_aFEDL _beng _cFEDL |
||
| 041 |
_aeng _2eng |
||
| 084 |
_a301.2, LEM _qFEDL |
||
| 100 |
_aLemay Reginald _9768384 |
||
| 245 | 0 | _aCulture of south-east Asia : The heritage of India | |
| 260 |
_aDelhi, India _bThe Publications Division _c1962 |
||
| 300 | _axii,227p. | ||
| 650 | _aSociology | ||
| 942 |
_cTEXL _h301.2, LEM |
||
| 999 |
_c1364300 _d1364300 |
||